|
|
|
|
| LEADER |
01256nam a2200301 i 4500 |
| 001 |
c000063319 |
| 003 |
CARM |
| 005 |
00000000000000.0 |
| 008 |
770908s1976 enk 00010aeng |
| 015 |
|
|
|a GB76-52156
|
| 019 |
1 |
|
|a 1048460
|5 LACONCORD2021
|
| 020 |
|
|
|a 0207956448 :
|c L.7.50
|
| 035 |
|
|
|a (OCoLC)3040536
|5 LACONCORD2021
|
| 041 |
1 |
|
|a engrus
|
| 043 |
|
|
|a e-ur---
|
| 050 |
0 |
0 |
|a PG3476.K4
|b Z5213 1976b
|
| 100 |
1 |
|
|a Kataev, Valentin Petrovich,
|d 1897-
|
| 240 |
1 |
0 |
|a Razbitaia zhizn, ili Volshebnyi rog Oberona.
|l English
|
| 245 |
1 |
2 |
|a A mosaic of life :
|b or, The magic horn of Oberon : memoirs of a Russian childhood /
|c [by] Valentin Katayev ; translated [from the Russian] by Moira Budberg and Gordon Latta.
|
| 260 |
|
|
|a London :
|b Angus and Robertson,
|c 1976.
|
| 300 |
|
|
|a 447 p. ;
|c 24 cm.
|
| 500 |
|
|
|a Translation of Razbitaia zhizn, ili Volshebnyi rog Oberona.
|
| 600 |
1 |
0 |
|a Kataev, Valentin,
|d 1897-
|x Biography.
|
| 650 |
|
0 |
|a Authors, Russian
|y 20th century
|x Biography.
|
| 852 |
8 |
|
|b CARM
|h A2:AI11F0
|i C04221
|p 0141590
|f BK
|
| 082 |
0 |
4 |
|a 891.7/3/42
|a B
|
| 999 |
f |
f |
|i 617637d9-0a81-5a12-93e7-c226ee65b73d
|s 3ffceb94-0c0a-54ea-b786-8596fe4eab4d
|
| 952 |
f |
f |
|p Can circulate
|a CAVAL
|b CAVAL
|c CAVAL
|d CARM 1 Store
|e C04221
|f A2:AI11F0
|h Other scheme
|i book
|m 0141590
|